| 000 | 007880000a22002050004500 | ||
|---|---|---|---|
| 003 | LK-CoMWRAF | ||
| 008 | 230817t1988 ||||| |||| 00| 0 eng d | ||
| 040 |
_aLK-CoMWRAF _dLK-CoMWRAF _eLK-CoMWRAF |
||
| 041 | _aeng | ||
| 082 |
_a331.8 _bUND |
||
| 111 |
_aUNDERSTANDING INTERNATIONALISATION AND INTERNATIONAL SOLIDARITY _c( Institute of Social Studies, Hague, _d14-15th November 1987) |
||
| 245 |
_aThe old internationalism and the new: _ba reader on labour, new social movements and internationalism |
||
| 260 |
_aHague: _bInternational Labour Education, Research and Information Foundation, _c1988 |
||
| 300 |
_a180 p. _bBibliography included |
||
| 650 | _aINTERNATIONALISM | ||
| 650 | _aSocial movements | ||
| 650 | _aLabour movements | ||
| 700 |
_aWaterman, Peter _eed. |
||
| 942 | _cCP | ||
| 999 |
_c2975 _d2975 |
||